Low probability of Intorcept radar with CD (Record no. 299536)
[ view plain ]
| 000 -LEADER | |
|---|---|
| fixed length control field | 00307 a2200121 4500 |
| 001 - CONTROL NUMBER | |
| control field | 64463 |
| 082 ## - DEWEY DECIMAL CLASSIFICATION NUMBER | |
| Classification number | 621.38485 PAC |
| 090 ## - LOCALLY ASSIGNED LC-TYPE CALL NUMBER (OCLC); LOCAL CALL NUMBER (RLIN) | |
| -- | 38086 |
| -- | 38086 |
| 100 ## - MAIN ENTRY--PERSONAL NAME | |
| Personal name | Pace P E |
| 245 ## - TITLE STATEMENT | |
| Title | Low probability of Intorcept radar with CD |
| Medium | Englsih |
| 260 ## - PUBLICATION, DISTRIBUTION, ETC. | |
| Place of publication, distribution, etc. | Boston |
| Name of publisher, distributor, etc. | Artech House |
| Date of publication, distribution, etc. | 2004 |
| 300 ## - PHYSICAL DESCRIPTION | |
| Extent | xxii, 455p. |
| 942 ## - ADDED ENTRY ELEMENTS (KOHA) | |
| Institution code [OBSOLETE] | NUST CAE |
| Call number prefix | 621.38485 PAC |
| Withdrawn status | Lost status | Damaged status | Not for loan | Collection code | Permanent Location | Current Location | Date acquired | Total Checkouts | Full call number | Barcode | Date last seen | Price effective from | Koha item type |
|---|---|---|---|---|---|---|---|---|---|---|---|---|---|
| College of Aeronautical Engineering (CAE) | College of Aeronautical Engineering (CAE) | 04/03/2017 | 621.38485 PAC | CAEN-4154 | 04/05/2017 | 04/05/2017 | Book |
